000 00383nam a22001577a 4500
005 20240910082552.0
008 240910b sa ||||| |||| 00| 0 eng d
020 _a9781444714500
040 _c3228
082 _aEF GRIS
100 _aGRISHAM, John
245 _aTheodore Boone
260 _aLondon
_bHodder & Stoughton
_c2011
300 _a263 pages
_c19 cn
942 _2ddc
_cBOOK
_w190
_xDudu Mondlane
_y190
_zDudu Mondlane
999 _c767361
_d767360